Detail in contemporary bathroom design / (Record no. 353656)
[ view plain ]
| 000 -LEADER | |
|---|---|
| fixed length control field | 01921nam a2200241 a 4500 |
| 001 - CONTROL NUMBER | |
| control field | ASIN1856695905 |
| 003 - CONTROL NUMBER IDENTIFIER | |
| control field | OSt |
| 005 - DATE AND TIME OF LATEST TRANSACTION | |
| control field | 20180116192414.0 |
| 008 - FIXED-LENGTH DATA ELEMENTS--GENERAL INFORMATION | |
| fixed length control field | 130214s2009 xxu eng d |
| 020 ## - INTERNATIONAL STANDARD BOOK NUMBER | |
| International Standard Book Number | 1856695905 (hardcover) |
| Terms of availability | $45.00 |
| 020 ## - INTERNATIONAL STANDARD BOOK NUMBER | |
| International Standard Book Number | 9781856695909 (hardcover) |
| 040 ## - CATALOGING SOURCE | |
| Transcribing agency | DEL |
| 082 ## - DEWEY DECIMAL CLASSIFICATION NUMBER | |
| Classification number | 747.78 |
| 100 1# - MAIN ENTRY--PERSONAL NAME | |
| Personal name | McLeod, Virginia. |
| 9 (RLIN) | 6371 |
| 245 10 - TITLE STATEMENT | |
| Title | Detail in contemporary bathroom design / |
| Statement of responsibility, etc. | Virginia McLeod. |
| 260 ## - PUBLICATION, DISTRIBUTION, ETC. | |
| Place of publication, distribution, etc. | London : |
| Name of publisher, distributor, etc. | Laurence King Publishers, |
| Date of publication, distribution, etc. | 2009. |
| 300 ## - PHYSICAL DESCRIPTION | |
| Extent | 192 p. ; |
| Dimensions | 26 cm. |
| 520 ## - SUMMARY, ETC. | |
| Summary, etc. | This book examines over 30 bathroom designs from around the world, each one designed by a notable architect and created especially for a specific residence. For each bathroom there is an image of the whole house (placing it in context and providing a flavor of the general design style), images of the bathroom, and a floor plan showing its relation to the other spaces. The pages that follow are entirely devoted to detailed drawings showing the arrangement and construction of the bathroom, in particular sections, elevations, and construction details of all the fitted units and joinery. These drawings are all made to a consistent style and to a set number of scales for easy comparison. Dimensions are also included with the drawings as well as details of fitted units (baths, showers, basins, etc.). The credits for the projects include contact details of suppliers so that the exact materials and fixtures can be sourced. The projects are arranged into chapters by type of dominant material: glass, steel and stone. The book will be invaluable for all practicing architects as well as those considering commissioning a high-quality bathroom for their own house. |
| 650 ## - SUBJECT ADDED ENTRY--TOPICAL TERM | |
| Topical term or geographic name entry element | Bathrooms |
| 9 (RLIN) | 6372 |
| 856 40 - ELECTRONIC LOCATION AND ACCESS | |
| Materials specified | Amazon.com |
| Uniform Resource Identifier | <a href="http://www.amazon.com/exec/obidos/ASIN/1856695905/chopaconline-20">http://www.amazon.com/exec/obidos/ASIN/1856695905/chopaconline-20</a> |
| 942 ## - ADDED ENTRY ELEMENTS (KOHA) | |
| Source of classification or shelving scheme | |
| Koha item type | Book |
| Withdrawn status | Lost status | Source of classification or shelving scheme | Damaged status | Not for loan | Permanent Location | Current Location | Date acquired | Total Checkouts | Total Renewals | Full call number | Barcode | Date last seen | Date last checked out | Copy number | Cost, replacement price | Price effective from | Koha item type |
|---|---|---|---|---|---|---|---|---|---|---|---|---|---|---|---|---|---|
| School of Art Design and Architecture (SADA) | School of Art Design and Architecture (SADA) | 08/27/2012 | 4 | 6 | 747.78 MCL 2009 | SADA0001830 | 07/18/2014 | 05/26/2014 | 1 | 2625.00 | 02/15/2013 | Book |
